000 00457nam a2200181Ia 4500
001 25049
005 20260414151124.0
008 260414t2016||||xx |||||||||||||| ||spa||
041 _aESP
082 _a346.13
_bG67
100 _aGonzales Barrón, Gunther
_eAUT
245 0 _aLos principios registrales en el conflicto judicial
_b
260 _c2016
300 _a421 páginas :
_c25 cm.
650 _aDER
654 _aCDE
942 _cLIB
_dJUS
_fJUS
_2ddc
_n
999 _c25049
_d25049